Труды Ростовского медицинского института. [Т.49] (Запись № 2892801)
[ простой вид ]
| 000 -МАРКЕР | |
|---|---|
| контрольное поле | 01861nam2a22002651 4500 |
| 001 - ИДЕНТИФИКАТОР ЗАПИСИ | |
| контрольное поле | RU\NLR\INFOCOMM55\1000041307 |
| 005 - ИДЕНТИФИКАТОР ВЕРСИИ | |
| контрольное поле | 20250617065658.0 |
| 035 ## - ДРУГИЕ СИСТЕМНЫЕ НОМЕРА | |
| Идентификатор записи | (NLR Aleph) 002536131 |
| 100 ## - ДАННЫЕ ОБЩЕЙ ОБРАБОТКИ | |
| Данные общей обработки | 20040429d1970 |||y0rusy50 ca |
| 101 0# - ЯЗЫК РЕСУРСА | |
| Язык текста, звукозаписи и т.д. | русский |
| 102 ## - СТРАНА ПУБЛИКАЦИИ ИЛИ ПРОИЗВОДСТВА | |
| Страна публикации | Российская Федерация |
| 105 ## - ПОЛЕ КОДИРОВАННЫХ ДАННЫХ: ТЕКСТОВЫЕ МАТЕРИАЛЫ, МОНОГРАФИЧЕСКИЕ | |
| Кодированные данные о монографическом текстовом документе | y ||||||||| |
| 200 0# - ЗАГЛАВИЕ И СВЕДЕНИЯ ОБ ОТВЕТСТВЕННОСТИ | |
| Основное заглавие | [Т.49] |
| 210 ## - ПУБЛИКАЦИЯ, РАСПРОСТРАНЕНИЕ И ДР. | |
| Дата издания, распространения и т.д. | 1970 |
| Место издания, распространения и т.д. | Б. м. |
| 225 2# - СЕРИЯ | |
| Основное заглавие серии | [Труды Ростовского медицинского института] |
| Обозначение тома | [Т.49] |
| Наименование части | Механизмы некоторых патологических процессов |
| Обозначение тома | Вып.3 |
| 461 #0 - УРОВЕНЬ НАБОРА | |
| Встроенное поле | 001RU\NLR\INFOCOMM55\1000105221 |
| -- | 2001#$aТруды Ростовского медицинского института$fМ-во здрав. СССР. Рост. гос. мед. ин-т$v[Т.49] |
| Системный номер (АБИС) связанной записи | 4370966 |
| Автор | Ростовский на Дону медицинский институт |
| Место публикации | Ростов н/Д. |
| Дата публикации | 1934- |
| Первые сведения об ответственности | М-во здрав. СССР. Рост. гос. мед. ин-т |
| Заглавие | Труды Ростовского медицинского института |
| Номер тома | [Т.49] |
| 462 #0 - УРОВЕНЬ ПОДНАБОРА | |
| Встроенное поле | 001RU\NLR\INFOCOMM55\1000041303 |
| -- | 2001#$aМеханизмы некоторых патологических процессов$fМ-во здравоохранения СССР. Рост. гос. мед. ин-т. Центр. науч.-исслед. лаборатория$vВып.3 |
| Системный номер (АБИС) связанной записи | 2892765 |
| Место публикации | Ростов н/Д. |
| Дата публикации | 1967- |
| Первые сведения об ответственности | М-во здравоохранения СССР. Рост. гос. мед. ин-т. Центр. науч.-исслед. лаборатория |
| Заглавие | Труды Ростовского медицинского института. - Механизмы некоторых патологических процессов |
| Номер тома | Вып.3 |
| 801 #1 - ИСТОЧНИК ЗАПИСИ | |
| Страна | Российская Федерация |
| Организация | InfoComm |
| Дата составления | 20040429 |
| 801 #0 - ИСТОЧНИК ЗАПИСИ | |
| Страна | Российская Федерация |
| Организация | NLR |
| Правила каталогизации | PSBO |
| 852 ## - МЕСТОНАХОЖДЕНИЕ И ШИФР ХРАНЕНИЯ | |
| Идентификатор организации | NLR |
| Шифр хранения (Call Number) | П16/254 |
| 942 ## - ДОПОЛНИТЕЛЬНЫЕ ЭЛЕМЕНТЫ ЗАПИСИ (АБИС) | |
| Тип экземпляра АБИС | Выпуск |
| 980 ## - КОЛЛЕКЦИЯ | |
| Название коллекции | Национальная библиография |
| 980 ## - КОЛЛЕКЦИЯ | |
| Название коллекции | Русская периодика |
Нет доступных экземпляров.